[Event "Damhusmesterskabet Gruppe C 2011"]
[Site "Rodovre"]
[Date "2011.09.06"]
[Round "1"]
[White "Hviid, Jens Carl"]
[Black "Nielsen, Kurt Sogaard"]
[Result "0-1"]
[WhiteElo "1409"]
[BlackElo "1489"]
[PlyCount "59"]
[EventDate "2011.??.??"]


1. c4 e5 2. Nc3 Nf6 3. g3 c6 4. Bg2 d6 5. e3 Be6 6. b3 Be7 7. Nge2 O-O 8. O-O
Qd7 9. f4 exf4 10. Nxf4 d5 11. Nxe6 fxe6 12. Qe2 Qd6 13. d4 b6 14. Bb2 Nbd7 15.
cxd5 exd5 16. e4 dxe4 17. Nxe4 Nxe4 18. Bxe4 Nf6 19. Bxc6 Qxc6 20. Qxe7 Rae8
21. Qb4 Re2 22. Rf2 Rxf2 23. Kxf2 Nd5+ 24. Qxf8+ Kxf8 25. Ba3+ Kf7 26. Kg1 Qc2
27. Rf1+ Kg6 28. Rf2 Qd1+ 29. Kg2 Ne3+ 30. Kh3 0-1

[Event "Damhusmesterskabet Gruppe C 2011"]
[Site "Rodovre"]
[Date "2011.09.06"]
[Round "1"]
[White "Henriksen, Franz"]
[Black "Hein, Jacob"]
[Result "1-0"]
[WhiteElo "1443"]
[BlackElo "1488"]
[PlyCount "67"]
[EventDate "2011.??.??"]


1. c4 e5 2. Nc3 Nf6 3. g3 Bc5 4. Bg2 O-O 5. d3 Ng4 6. e3 Nf6 7. Nf3 d6 8. O-O
Bg4 9. Qc2 Nc6 10. a3 a5 11. Bd2 Qd7 12. Nb5 a4 13. Bc3 Ne7 14. Bd2 c6 15. Nc3
Rfc8 16. b4 axb3 17. Qxb3 Bxf3 18. Bxf3 d5 19. cxd5 cxd5 20. a4 e4 21. Be2 Qh3
22. d4 Bd6 23. Nb5 Bxg3 24. fxg3 Ng4 25. Bxg4 Qxg4 26. Nd6 Rf8 27. Qxb7 Ng6 28.
Kh1 Qe6 29. Nb5 Rfb8 30. Qc7 Rc8 31. Qd6 Qh3 32. Qxd5 Rxa4 33. Qxf7+ Kh8 34.
Rxa4 1-0

[Event "Damhusmesterskabet Gruppe C 2011"]
[Site "Rodovre"]
[Date "2011.09.06"]
[Round "1"]
[White "Enemark, Bjorn"]
[Black "Johansen, Erik"]
[Result "1/2-1/2"]
[WhiteElo "1510"]
[BlackElo "1492"]
[PlyCount "45"]
[EventDate "2011.??.??"]


1. d4 Nf6 2. c4 e6 3. Nc3 Bb4 4. Bd2 Bxc3 5. Bxc3 Ne4 6. Nf3 O-O 7. e3 Nxc3 8.
bxc3 d5 9. c5 Nc6 10. Bd3 Qe7 11. Qc2 g6 12. Bb5 Bd7 13. Bxc6 Bxc6 14. O-O f6
15. Rfe1 e5 16. c4 e4 17. Nd2 f5 18. cxd5 Bxd5 19. Nb1 f4 20. Nc3 c6 21. Nxd5
cxd5 22. exf4 Rxf4 23. Re2 1/2-1/2

[Event "Damhusmesterskabet Gruppe C 2011"]
[Site "Rodovre"]
[Date "2011.09.06"]
[Round "1"]
[White "Rohder, Bjarne"]
[Black "Sorensen, Poul Busk"]
[Result "1-0"]
[WhiteElo "1478"]
[BlackElo "1518"]
[PlyCount "120"]
[EventDate "2011.??.??"]


1. d4 Nf6 2. c4 e6 3. Nf3 b6 4. Nc3 Bb7 5. Bg5 Be7 6. Bxf6 Bxf6 7. e4 Nc6 8. e5
Be7 9. d5 Nb4 10. a3 Na6 11. Nd4 Bc5 12. b4 Bxd4 13. Qxd4 c5 14. dxc6 dxc6 15.
Qg4 O-O 16. Rd1 Qc7 17. Qg3 Rad8 18. Bd3 f6 19. exf6 Qxg3 20. hxg3 g6 21. Ne4
Nc7 22. Ng5 Rd7 23. f7+ Rdxf7 24. Nxf7 Rxf7 25. Be4 b5 26. Rc1 bxc4 27. Rxc4
Nb5 28. Rc1 Nxa3 29. O-O Rc7 30. Ra1 Nb5 31. Rfc1 a6 32. Bd3 Kf7 33. Bc4 Kf6
34. f3 e5 35. Kf2 Rd7 36. Rd1 Rxd1 37. Rxd1 Nd4 38. Rd2 h5 39. f4 g5 40. fxe5+
Kxe5 41. Ra2 Nb5 42. Bf7 Nc3 43. Ra5+ Kd4 44. Bxh5 Kc4 45. Ke3 Nb5 46. Bd1 Kxb4
47. Ra4+ Kc3 48. Rg4 c5 49. Rxg5 Bxg2 50. Rxc5+ Kb4 51. Rc2 Bd5 52. Kd2 a5 53.
Rc1 Be4 54. Bc2 Bf3 55. Rb1+ Kc5 56. Rf1 Nd4 57. Bb1 Bd5 58. Rc1+ Kb4 59. Rc7
Nb3+ 60. Kd3 a4 1-0

[Event "Damhusmesterskabet Gruppe C 2011"]
[Site "Rodovre"]
[Date "2011.09.13"]
[Round "2"]
[White "Sorensen, Poul Busk"]
[Black "Nielsen, Kurt Sogaard"]
[Result "0-1"]
[WhiteElo "1518"]
[BlackElo "1489"]
[PlyCount "118"]
[EventDate "2011.??.??"]


1. d4 d5 2. c4 e6 3. Nc3 Nf6 4. Nf3 Nbd7 5. e3 c6 6. Bd3 dxc4 7. Bxc4 Nb6 8.
Bd3 Bd6 9. e4 Bb4 10. a3 Be7 11. O-O O-O 12. Bc2 Qc7 13. Qd3 g6 14. e5 Nh5 15.
Ng5 Rd8 16. g4 Ng7 17. Nce4 Nd7 18. Qh3 Bxg5 19. Nxg5 Nf8 20. Be3 b6 21. Ne4
Bb7 22. Nd6 Rab8 23. Bg5 Rd7 24. Bf6 Rxd6 25. exd6 Qxd6 26. Be5 Qd8 27. Bxb8
Qxb8 28. Rad1 Qd6 29. Qg3 Qd5 30. Bb3 Qb5 31. a4 Qe2 32. Rb1 Qe4 33. f3 Qe3+
34. Qf2 Qxb3 35. Ra1 a5 36. Ra3 Qb4 37. Rc1 Ne8 38. Rcc3 Nd7 39. Rcb3 Qc4 40.
Rc3 Qd5 41. Qe3 Ndf6 42. h4 Qd6 43. Kg2 Nd5 44. Qd2 Nxc3 45. Rxc3 Nf6 46. Rb3
Nd5 47. Qf2 Ba6 48. Kh1 Bc4 49. Ra3 Nf4 50. Rc3 Bd5 51. Qh2 e5 52. Re3 exd4 53.
Re8+ Kg7 54. Qf2 c5 55. Qg3 Qc6 56. Re7 Qf6 57. Re1 Nd3 58. Rf1 Nxb2 59. g5 Qf5
0-1

[Event "Damhusmesterskabet Gruppe C 2011"]
[Site "Rodovre"]
[Date "2011.09.13"]
[Round "2"]
[White "Johansen, Erik"]
[Black "Henriksen, Franz"]
[Result "0-1"]
[WhiteElo "1492"]
[BlackElo "1443"]
[PlyCount "86"]
[EventDate "2011.??.??"]


1. e4 c5 2. Nf3 d6 3. d4 cxd4 4. Nxd4 g6 5. Nc3 a6 6. Be2 Bg7 7. O-O Nf6 8. Kh1
b5 9. a3 Bb7 10. Bf3 e5 11. Nde2 O-O 12. Bg5 Qc7 13. Qd2 Rd8 14. Nd5 Bxd5 15.
exd5 Nbd7 16. Nc3 Re8 17. Rfe1 Rac8 18. Bh6 Nb6 19. Bxg7 Kxg7 20. Qg5 h6 21.
Qg3 Qc5 22. Rad1 Nc4 23. Ne4 Nxe4 24. Bxe4 Nxb2 25. Rb1 Na4 26. Rb3 Nb6 27. Rd1
Rf8 28. Rf3 Rc7 29. h4 Nd7 30. h5 g5 31. Qg4 Nf6 32. Rxf6 Kxf6 33. Rd3 Ke7 34.
Rf3 Kd8 35. Rf6 Qxa3 36. Rxh6 f6 37. Qf5 Qc1+ 38. Kh2 Qf4+ 39. Qxf4 gxf4 40.
Bd3 Rc5 41. Rg6 Rxd5 42. h6 Ke7 43. h7 Rh8 0-1

[Event "Damhusmesterskabet Gruppe C 2011"]
[Site "Rodovre"]
[Date "2011.10.18"]
[Round "2"]
[White "Rohder, Bjarne"]
[Black "Enemark, Bjorn"]
[Result "1-0"]
[WhiteElo "1478"]
[BlackElo "1510"]
[PlyCount "81"]
[EventDate "2011.??.??"]


1. d4 d5 2. c4 g6 3. Bf4 Bg7 4. Nf3 c6 5. Nc3 Nf6 6. e3 O-O 7. Be2 Be6 8. cxd5
Nxd5 9. Nxd5 Bxd5 10. h4 f6 11. e4 Qa5+ 12. Kf1 Bf7 13. h5 g5 14. Bd2 Qd8 15.
h6 Bh8 16. Rc1 Nd7 17. Bd3 e5 18. Bb4 Re8 19. Bc4 exd4 20. Qb3 Re7 21. Bxe7
Qxe7 22. Bxf7+ Qxf7 23. Qxf7+ Kxf7 24. Nxd4 Ne5 25. Ke2 Re8 26. Nf5 Kg6 27. f3
Nf7 28. Rcd1 Ne5 29. b3 b6 30. Rd2 a5 31. Rhd1 Nf7 32. Nd6 Nxd6 33. Rxd6 Kxh6
34. Rxc6 b5 35. g4 Bg7 36. Rd7 Kg6 37. Rcc7 Rg8 38. Rb7 b4 39. Ra7 h6 40. Rxa5
Bf8 41. Ra8 1-0

[Event "Damhusmesterskabet Gruppe C 2011"]
[Site "Rodovre"]
[Date "2011.09.13"]
[Round "2"]
[White "Hein, Jacob"]
[Black "Hviid, Jens Carl"]
[Result "1-0"]
[WhiteElo "1488"]
[BlackElo "1409"]
[PlyCount "101"]
[EventDate "2011.??.??"]


1. c4 Nf6 2. Nc3 b6 3. g3 Bb7 4. Nf3 Bxf3 5. exf3 Nc6 6. d4 e6 7. a3 a5 8. Be3
g6 9. Qd2 h5 10. Bd3 Ne7 11. O-O-O d5 12. cxd5 Nexd5 13. Bb5+ Nd7 14. Nxd5 exd5
15. Bg5 Qxg5 16. Qxg5 Bh6 17. Rhe1+ Kf8 18. Qxh6+ Rxh6 19. Bxd7 Rd8 20. Bb5 c6
21. Ba6 g5 22. Re5 Rf6 23. Be2 Re8 24. Re1 Rxe5 25. dxe5 Rf5 26. Bd1 Ke7 27.
Re3 Kd7 28. Bc2 Ke6 29. Bxf5+ Kxf5 30. g4+ hxg4 31. fxg4+ Kf4 32. e6 fxe6 33.
Rxe6 Kxg4 34. Rf6 Kh3 35. Kd2 Kxh2 36. Rg6 Kg2 37. Ke2 b5 38. Rxg5+ Kh3 39. f4
Kh4 40. Kf3 b4 41. axb4 axb4 42. Rg6 Kh5 43. Rxc6 d4 44. Rd6 b3 45. Ke4 Kg4 46.
Rg6+ Kh5 47. f5 d3 48. Kxd3 Kh4 49. Ke3 Kh5 50. Kf4 Kh4 51. Rh6# 1-0

[Event "Damhusmesterskabet Gruppe C 2011"]
[Site "Rodovre"]
[Date "2011.09.20"]
[Round "3"]
[White "Enemark, Bjorn"]
[Black "Sorensen, Poul Busk"]
[Result "1/2-1/2"]
[WhiteElo "1510"]
[BlackElo "1518"]
[PlyCount "69"]
[EventDate "2011.??.??"]


1. f4 d5 2. Nf3 Nf6 3. e3 Bg4 4. Be2 Bxf3 5. Bxf3 c6 6. b3 Nbd7 7. Bb2 Qc7 8.
O-O e5 9. fxe5 Nxe5 10. d3 Bd6 11. g3 O-O-O 12. Nd2 h5 13. e4 h4 14. g4 Nxf3+
15. Qxf3 Bxh2+ 16. Kh1 Be5 17. Qf5+ Nd7 18. Bxe5 Qxe5 19. exd5 cxd5 20. Qxe5
Nxe5 21. Rg1 Rde8 22. Raf1 f6 23. Rf5 Rd8 24. Nf1 Nc6 25. c3 Ne7 26. Rf3 d4 27.
c4 Nc6 28. Nd2 Ne5 29. Rh3 g5 30. Ne4 Rhf8 31. Nf2 Rd6 32. Re1 Kd7 33. Re4 Re8
34. Kg2 Nc6 35. Rxe8 1/2-1/2

[Event "Damhusmesterskabet Gruppe C 2011"]
[Site "Rodovre"]
[Date "2011.09.20"]
[Round "3"]
[White "Nielsen, Kurt Sogaard"]
[Black "Hein, Jacob"]
[Result "0-1"]
[WhiteElo "1489"]
[BlackElo "1488"]
[PlyCount "64"]
[EventDate "2011.??.??"]


1. d4 Nf6 2. c4 g6 3. Nc3 Bg7 4. Nf3 d5 5. Bf4 Nc6 6. e3 Bg4 7. h3 Be6 8. Qb3
Na5 9. Qa4+ c6 10. c5 O-O 11. Ng5 Bd7 12. b4 Nc4 13. Bxc4 dxc4 14. O-O b5 15.
Qd1 Nd5 16. Nxd5 cxd5 17. Nf3 a5 18. a3 axb4 19. axb4 Ra4 20. Qd2 Qa8 21. Qc3
f6 22. Rxa4 bxa4 23. e4 Qc6 24. exd5 Qxd5 25. Re1 Kf7 26. Nd2 Bb5 27. Rc1 Ra8
28. Nxc4 e5 29. dxe5 Bxc4 30. exf6 Bxf6 31. Qa3 Bb5 32. Rc2 Qd1+ 0-1

[Event "Damhusmesterskabet Gruppe C 2011"]
[Site "Rodovre"]
[Date "2011.09.20"]
[Round "3"]
[White "Henriksen, Franz"]
[Black "Rohder, Bjarne"]
[Result "1/2-1/2"]
[WhiteElo "1443"]
[BlackElo "1478"]
[PlyCount "107"]
[EventDate "2011.??.??"]


1. c4 Nf6 2. Nc3 d5 3. e3 Bf5 4. Nf3 Nc6 5. a3 e5 6. Qa4 Be7 7. Nxe5 Bd7 8.
Nxd7 Qxd7 9. b4 O-O 10. Bb2 Rfe8 11. Be2 Rad8 12. O-O dxc4 13. Qc2 Qxd2 14.
Rac1 Qxc2 15. Rxc2 Ne5 16. Nb5 Nd3 17. Nxc7 Rf8 18. Bxf6 Bxf6 19. Bf3 Rd7 20.
Nd5 Ne5 21. Nxf6+ gxf6 22. Be2 b5 23. f4 Nd3 24. Bf3 Rd6 25. g3 f5 26. Be2 Re8
27. Bxd3 Rxd3 28. a4 a6 29. axb5 axb5 30. Rb2 Rexe3 31. Rff2 Kf8 32. Ra2 Rb3
33. Rfb2 Ra3 34. Rxa3 Rxa3 35. Kf2 Rb3 36. Re2 Rxb4 37. Ke3 Ke7 38. Kd4+ Kd6
39. Re5 Rb1 40. Rxf5 Rd1+ 41. Kc3 Kc6 42. Rxf7 Rd3+ 43. Kc2 Kc5 44. Rc7+ Kd4
45. f5 Rf3 46. g4 Rf2+ 47. Kb1 Kc3 48. Re7 Kb3 49. Re3+ c3 50. Re1 Rb2+ 51. Ka1
Ka3 52. f6 c2 53. Re3+ Rb3 54. Re1 1/2-1/2

[Event "Damhusmesterskabet Gruppe C 2011"]
[Site "Rodovre"]
[Date "2011.09.20"]
[Round "3"]
[White "Hviid, Jens Carl"]
[Black "Johansen, Erik"]
[Result "0-1"]
[WhiteElo "1409"]
[BlackElo "1492"]
[PlyCount "136"]
[EventDate "2011.??.??"]


1. c4 c5 2. Nc3 g6 3. g3 Bg7 4. Bg2 Nc6 5. e3 d6 6. Nge2 Nf6 7. O-O O-O 8. d4
cxd4 9. exd4 Bg4 10. Be3 Na5 11. b3 a6 12. f3 Bd7 13. Qd2 b5 14. c5 dxc5 15.
dxc5 b4 16. Na4 Bxa4 17. bxa4 Nc4 18. Qxd8 Rfxd8 19. Bf2 Nd5 20. Rac1 Nce3 21.
Rfe1 Rac8 22. f4 Nxg2 23. Kxg2 a5 24. Rc4 Nc3 25. Nxc3 Bxc3 26. Rxe7 Rd2 27.
Ra7 Rxa2 28. Rxa5 Be1 29. Rb5 Rxf2+ 30. Kg1 Re2 31. c6 Re7 32. Rb7 Rec7 33. Rb6
b3 34. Rxb3 Rxc6 35. Rxc6 Rxc6 36. Re3 Bc3 37. Kg2 Kf8 38. h3 Bd4 39. Re4 Ba7
40. Kf3 f5 41. Re5 Kf7 42. g4 Rc5 43. Re2 Rc4 44. gxf5 gxf5 45. Re5 Kf6 46. Ra5
Bb8 47. Ra6+ Ke7 48. Rh6 Rxf4+ 49. Kg2 Rxa4 50. Rxh7+ Kf6 51. Rh8 Ba7 52. Rf8+
Ke5 53. Re8+ Kf4 54. Rh8 Ra2+ 55. Kf1 Kf3 56. Ke1 Be3 57. Kd1 Rd2+ 58. Ke1 Rh2
59. Kd1 Kg3 60. Rg8+ Kxh3 61. Rh8+ Kg2 62. Rg8+ Kf1 63. Rd8 f4 64. Rd3 Rd2+ 65.
Rxd2 Bxd2 66. Kxd2 f3 67. Ke3 f2 68. Kf3 Kg1 0-1

[Event "Damhusmesterskabet Gruppe C 2011"]
[Site "Rodovre"]
[Date "2011.09.27"]
[Round "4"]
[White "Sorensen, Poul Busk"]
[Black "Hein, Jacob"]
[Result "1/2-1/2"]
[WhiteElo "1518"]
[BlackElo "1488"]
[PlyCount "40"]
[EventDate "2011.??.??"]


1. d4 Nf6 2. c4 g6 3. Nc3 Bg7 4. e4 d6 5. Nf3 Nc6 6. d5 Na5 7. Bd2 b6 8. Rc1
Nb7 9. b4 a5 10. b5 Nc5 11. e5 Ng4 12. exd6 Qxd6 13. h3 Ne5 14. Be3 Bf5 15.
Bxc5 Qxc5 16. Nxe5 Bxe5 17. Bd3 Bxd3 18. Qxd3 Qa3 19. O-O O-O 20. Qd2 f5
1/2-1/2

[Event "Damhusmesterskabet Gruppe C 2011"]
[Site "Rodovre"]
[Date "2011.09.27"]
[Round "4"]
[White "Enemark, Bjorn"]
[Black "Henriksen, Franz"]
[Result "1-0"]
[WhiteElo "1510"]
[BlackElo "1443"]
[PlyCount "71"]
[EventDate "2011.??.??"]


1. d4 c6 2. c4 Nf6 3. e3 d5 4. Nc3 Bf5 5. cxd5 cxd5 6. Bd3 Bxd3 7. Qxd3 Nc6 8.
Nge2 e6 9. a3 a6 10. O-O Bd6 11. Bd2 Qc7 12. g3 O-O 13. f4 Ne7 14. Rac1 Qd7 15.
Kh1 Rac8 16. Ng1 Ng4 17. Nf3 f5 18. Ne5 Bxe5 19. fxe5 Ng6 20. Qe2 Qe7 21. Na4
Rxc1 22. Rxc1 Qf7 23. Bb4 Re8 24. Nb6 Nf8 25. Nc8 Qd7 26. Nd6 Rb8 27. Rc2 Nh6
28. Qd1 Qa4 29. Qc1 a5 30. Be1 Nf7 31. Rc8 Rxc8 32. Nxc8 b5 33. Ne7+ Kh8 34.
Qc8 h6 35. Qxf8+ Kh7 36. Qg8# 1-0

[Event "Damhusmesterskabet Gruppe C 2011"]
[Site "Rodovre"]
[Date "2011.09.27"]
[Round "4"]
[White "Johansen, Erik"]
[Black "Nielsen, Kurt Sogaard"]
[Result "0-1"]
[WhiteElo "1492"]
[BlackElo "1489"]
[PlyCount "90"]
[EventDate "2011.??.??"]


1. e4 c5 2. Nf3 Nc6 3. d4 cxd4 4. Nxd4 Nf6 5. Nc3 a6 6. Bg5 d6 7. Be2 e6 8. O-O
Be7 9. Be3 O-O 10. a4 Qc7 11. Nb3 Rd8 12. a5 Qd7 13. Bb6 Rf8 14. f4 Bd8 15. Be3
Bc7 16. Bd3 Nb4 17. Be2 Qd8 18. f5 exf5 19. exf5 Nc6 20. Bg5 Qe7 21. Nd5 Qd8
22. Bd3 Ne5 23. h3 Ned7 24. Nd2 Bxa5 25. Ne4 Bb6+ 26. Kh1 Bd4 27. c3 Be5 28.
Qb3 b5 29. c4 Bb7 30. Nexf6+ gxf6 31. Be3 Bxd5 32. cxd5 Nc5 33. Bxc5 dxc5 34.
Be4 Qd6 35. Rab1 Kh8 36. Rf3 Rg8 37. g4 Rge8 38. Qc2 Re7 39. Re1 Rae8 40. Rfe3
Bd4 41. R3e2 Qg3 42. Bg2 Be5 43. Bf1 Qf3+ 44. Bg2 Qf4 45. Qxc5 Qh2# 0-1

[Event "Damhusmesterskabet Gruppe C 2011"]
[Site "Rodovre"]
[Date "2011.09.27"]
[Round "4"]
[White "Rohder, Bjarne"]
[Black "Hviid, Jens Carl"]
[Result "0-1"]
[WhiteElo "1478"]
[BlackElo "1409"]
[PlyCount "136"]
[EventDate "2011.??.??"]


1. d4 d6 2. e4 Nf6 3. Nc3 a6 4. Bg5 Nbd7 5. Nf3 c6 6. e5 Nd5 7. Nxd5 cxd5 8. c4
Nb6 9. exd6 Nxc4 10. Bxc4 dxc4 11. dxe7 Bxe7 12. Qe2 f6 13. Bd2 b5 14. O-O O-O
15. Qe4 Ra7 16. Rfe1 Qd7 17. Re3 Qf5 18. Rae1 Qxe4 19. Rxe4 Kf7 20. d5 Bf5 21.
Rxe7+ Rxe7 22. Rxe7+ Kxe7 23. Bb4+ Ke8 24. Bxf8 Kxf8 25. Nd4 Bd7 26. f3 Ke7 27.
Nc2 Kd6 28. Ne3 g6 29. Kf2 f5 30. f4 Kc5 31. Ke2 a5 32. Kd2 Bc8 33. h3 Bb7 34.
g4 Bc8 35. Kc3 b4+ 36. Kd2 a4 37. Kc2 Kd4 38. Kd2 Ke4 39. d6 fxg4 40. hxg4 Kxf4
41. Nxc4 Bxg4 42. Nb6 h5 43. d7 Bxd7 44. Nxd7 h4 45. Ke2 g5 46. Kf2 h3 47. Nf6
b3 48. axb3 axb3 49. Nd5+ Ke4 50. Nf6+ Kd3 51. Kg3 Kc2 52. Kxh3 Kxb2 53. Nd5
Kc2 54. Ne3+ Kd3 55. Nd1 Kc2 56. Ne3+ Kd3 57. Nd1 Kd2 58. Nb2 Kc2 59. Nc4 Kc3
60. Ne3 Kd3 61. Nd1 Ke2 62. Nb2 Kf3 63. Nc4 g4+ 64. Kh2 Kf2 65. Ne5 g3+ 66. Kh3
g2 67. Ng4+ Kf3 68. Ne5+ Ke4 0-1

[Event "Damhusmesterskabet Gruppe C 2011"]
[Site "Rodovre"]
[Date "2011.10.04"]
[Round "5"]
[White "Hviid, Jens Carl"]
[Black "Enemark, Bjorn"]
[Result "1/2-1/2"]
[WhiteElo "1409"]
[BlackElo "1510"]
[PlyCount "50"]
[EventDate "2011.??.??"]


1. c4 e5 2. Nc3 Nf6 3. e3 g6 4. g3 Bg7 5. Bg2 c6 6. Nge2 O-O 7. O-O d5 8. d3
dxc4 9. dxc4 Nbd7 10. Qc2 Qc7 11. b3 Nc5 12. Ba3 Nfd7 13. Rad1 Re8 14. Ne4 Nxe4
15. Bxe4 Bf8 16. Bxf8 Nxf8 17. Rd2 Be6 18. Rfd1 Rad8 19. Rxd8 Rxd8 20. Rxd8
Qxd8 21. f4 f5 22. Bg2 e4 23. Nc3 Qd6 24. Bf1 Nd7 25. Qd1 Qxd1 1/2-1/2

[Event "Damhusmesterskabet Gruppe C 2011"]
[Site "Rodovre"]
[Date "2011.10.04"]
[Round "5"]
[White "Henriksen, Franz"]
[Black "Sorensen, Poul Busk"]
[Result "1/2-1/2"]
[WhiteElo "1443"]
[BlackElo "1518"]
[PlyCount "47"]
[EventDate "2011.??.??"]


1. g3 Nf6 2. Bg2 g6 3. c4 Bg7 4. d4 O-O 5. Nc3 e6 6. e4 d6 7. Nge2 c6 8. O-O
Na6 9. b3 e5 10. dxe5 dxe5 11. Ba3 Qxd1 12. Raxd1 Re8 13. Bd6 Bf8 14. Bxf8 Kxf8
15. Rd6 Be6 16. Rfd1 Ke7 17. f4 Red8 18. Rxd8 Rxd8 19. Rxd8 Kxd8 20. h3 Nd7 21.
g4 f6 22. f5 Bf7 23. Kf2 g5 24. Ke3 1/2-1/2

[Event "Damhusmesterskabet Gruppe C 2011"]
[Site "Rodovre"]
[Date "2011.10.04"]
[Round "5"]
[White "Hein, Jacob"]
[Black "Johansen, Erik"]
[Result "0-1"]
[WhiteElo "1488"]
[BlackElo "1492"]
[PlyCount "73"]
[EventDate "2011.??.??"]


1. c4 c5 2. Nf3 g6 3. g3 Bg7 4. Bg2 Nf6 5. Nc3 O-O 6. O-O d6 7. a3 Nc6 8. d4
cxd4 9. Nxd4 Nxd4 10. Qxd4 Nd7 11. Qd2 Nc5 12. Ra2 Rb8 13. b4 Nb3 14. Qd1 Nxc1
15. Qxc1 Bd7 16. e4 Rc8 17. Nd5 e6 18. Ne3 Bb5 19. Rd2 Qc7 20. a4 Bxa4 21. Qa3
b5 22. Rc1 Qb6 23. c5 dxc5 24. Rxc5 Rxc5 25. bxc5 Qa5 26. Qc1 Rc8 27. c6 Bc3
28. Rd7 Rxc6 29. e5 Rc7 30. Rd8+ Kg7 31. Ng4 Bd2 32. Qa3 Rc1+ 33. Qxc1 Bxc1 34.
Rc8 Bb2 35. Rb8 Qe1+ 36. Bf1 Bd4 37. Kg2 0-1

[Event "Damhusmesterskabet Gruppe C 2011"]
[Site "Rodovre"]
[Date "2011.10.04"]
[Round "5"]
[White "Nielsen, Kurt Sogaard"]
[Black "Rohder, Bjarne"]
[Result "1-0"]
[WhiteElo "1489"]
[BlackElo "1478"]
[PlyCount "77"]
[EventDate "2011.??.??"]


1. d4 d5 2. c4 dxc4 3. Nc3 e6 4. e4 Nc6 5. Nf3 Bd7 6. Bxc4 Bb4 7. O-O Bxc3 8.
bxc3 Na5 9. Bd3 Bc6 10. a4 a6 11. Re1 Ne7 12. Ba3 Ng6 13. Bb4 b6 14. Qd2 Nb3
15. Qe3 Nxa1 16. Rxa1 Qf6 17. a5 Nf4 18. Bf1 Ng6 19. g3 b5 20. Bg2 e5 21. d5
Bd7 22. Ne1 Ne7 23. Qc5 Rc8 24. Rd1 O-O 25. Qxe7 Qxe7 26. Bxe7 Rfe8 27. Bb4 f6
28. Nd3 Rcd8 29. Bc5 Bc8 30. Nb4 Bb7 31. h4 h6 32. Bh3 Kf7 33. h5 g6 34. hxg6+
Kxg6 35. Bf5+ Kg5 36. Kg2 Rh8 37. Nd3 Bxd5 38. f4+ exf4 39. gxf4+ 1-0

[Event "Damhusmesterskabet Gruppe C 2011"]
[Site "Rodovre"]
[Date "2011.10.11"]
[Round "6"]
[White "Sorensen, Poul Busk"]
[Black "Johansen, Erik"]
[Result "1-0"]
[WhiteElo "1518"]
[BlackElo "1492"]
[PlyCount "63"]
[EventDate "2011.??.??"]


1. d4 Nf6 2. c4 e6 3. Nc3 Bb4 4. Qc2 d5 5. cxd5 exd5 6. a3 Bxc3+ 7. bxc3 Ne4 8.
e3 O-O 9. Bd3 f5 10. Ne2 Nd7 11. O-O Ndf6 12. a4 g6 13. c4 c6 14. Nf4 Kg7 15.
Rb1 Re8 16. cxd5 Nxd5 17. Nxd5 Qxd5 18. Bc4 Qa5 19. Bb2 Nf6 20. Bc3 Qd8 21.
Rfd1 Nd5 22. Ba1 Rb8 23. Rb3 Re6 24. Qb2 Re7 25. f3 Kh6 26. e4 Nc7 27. d5 cxd5
28. Qd2+ g5 29. h4 f4 30. hxg5+ Kxg5 31. exd5 Nxd5 32. Bxd5 1-0

[Event "Damhusmesterskabet Gruppe C 2011"]
[Site "Rodovre"]
[Date "2011.10.11"]
[Round "6"]
[White "Rohder, Bjarne"]
[Black "Hein, Jacob"]
[Result "0-1"]
[WhiteElo "1478"]
[BlackElo "1488"]
[PlyCount "76"]
[EventDate "2011.??.??"]


1. d4 Nf6 2. c3 d5 3. Bf4 Nc6 4. Nf3 Bf5 5. e3 a6 6. Nbd2 Nd7 7. Ng5 f6 8. Ngf3
g5 9. Bxg5 fxg5 10. Nxg5 Nf6 11. Be2 Rg8 12. Bh5+ Bg6 13. Bxg6+ hxg6 14. e4 e5
15. exd5 Qxd5 16. Qf3 Qxf3 17. Ndxf3 exd4 18. O-O-O Bh6 19. Rhe1+ Kf8 20. Kc2
Re8 21. Ne6+ Kf7 22. Nfg5+ Bxg5 23. Nxg5+ Kg7 24. Ne6+ Kh6 25. Rd3 Nh5 26. Kd2
dxc3+ 27. bxc3 Nf4 28. Nxf4 Rxe1 29. Kxe1 Re8+ 30. Kd2 Ne5 31. Re3 Nc4+ 32. Ke2
Nxe3 33. fxe3 Re5 34. Kd3 Ra5 35. Kd4 Rxa2 36. e4 Rf2 37. Ke5 a5 38. Nd5 a4 0-1

[Event "Damhusmesterskabet Gruppe C 2011"]
[Site "Rodovre"]
[Date "2011.10.11"]
[Round "6"]
[White "Enemark, Bjorn"]
[Black "Nielsen, Kurt Sogaard"]
[Result "0-1"]
[WhiteElo "1510"]
[BlackElo "1489"]
[PlyCount "126"]
[EventDate "2011.??.??"]


1. d4 d5 2. c4 e6 3. Nc3 c6 4. e3 Nf6 5. Bd2 Be7 6. Nf3 Nbd7 7. c5 b6 8. b4 O-O
9. Bd3 bxc5 10. bxc5 Qc7 11. e4 dxe4 12. Nxe4 Nd5 13. O-O N7f6 14. Ne5 Nxe4 15.
Bxe4 Bxc5 16. Nxc6 Bd6 17. Rc1 Bxh2+ 18. Kh1 Bd6 19. Re1 Qd7 20. Bxd5 exd5 21.
Ne5 Qf5 22. Qf3 Qxf3 23. Nxf3 Bb7 24. Ne5 f6 25. Nd3 Ba6 26. Nc5 Bc4 27. a3
Rac8 28. Bb4 Rfe8 29. g3 Kf7 30. Kg2 Ra8 31. Rxe8 Rxe8 32. Rc3 Bc7 33. Re3 Bb6
34. a4 a5 35. Ba3 g6 36. Bb2 Rxe3 37. fxe3 f5 38. Bc3 g5 39. Nb7 Bb3 40. Nxa5
Bxa4 41. Nb7 Bc2 42. Nd6+ Ke6 43. Nc8 Bd8 44. Bb4 h5 45. Bc5 g4 46. Nd6 h4 47.
gxh4 Bxh4 48. Nb5 Be4+ 49. Kg1 Be1 50. Nd6 Bf3 51. Ne8 g3 52. Ng7+ Kf6 53. Ne8+
Kg6 54. Bd6 Bf2+ 55. Kf1 Bxe3 56. Bxg3 Bxd4 57. Bf4 Kh5 58. Nc7 Bb6 59. Ne6 Kg4
60. Bd2 d4 61. Nf4 Be4 62. Ng6 Bc7 63. Kg1 d3 0-1

[Event "Damhusmesterskabet Gruppe C 2011"]
[Site "Rodovre"]
[Date "2011.10.11"]
[Round "6"]
[White "Henriksen, Franz"]
[Black "Hviid, Jens Carl"]
[Result "1/2-1/2"]
[WhiteElo "1443"]
[BlackElo "1409"]
[PlyCount "58"]
[EventDate "2011.??.??"]


1. c4 Nf6 2. Nc3 g6 3. g3 Bg7 4. Bg2 c6 5. f4 d5 6. cxd5 cxd5 7. Qa4+ Bd7 8.
Qb3 Bc6 9. Nf3 Nbd7 10. Nd4 Qb6 11. Nxc6 Qxb3 12. axb3 bxc6 13. Ra6 Nb6 14. O-O
O-O 15. e4 e6 16. e5 Nfd7 17. b4 Nb8 18. Ra2 a6 19. d3 N8d7 20. Be3 Rfb8 21.
Rfa1 Bf8 22. Rxa6 Rxa6 23. Rxa6 Bxb4 24. h4 Nc5 25. Bxc5 Bxc5+ 26. Kh2 Ra8 27.
Rxa8+ Nxa8 28. Na4 Ba7 29. Bf3 Nb6 1/2-1/2

[Event "Damhusmesterskabet Gruppe C 2011"]
[Site "Rodovre"]
[Date "2011.10.20"]
[Round "7"]
[White "Hein, Jacob"]
[Black "Enemark, Bjorn"]
[Result "0-1"]
[WhiteElo "1488"]
[BlackElo "1510"]
[PlyCount "93"]
[EventDate "2011.??.??"]


1. c4 e5 2. g3 g6 3. Bg2 Bg7 4. Nc3 Nf6 5. Nf3 Nc6 6. a3 O-O 7. b4 d6 8. Bb2 a6
9. Qc2 Re8 10. Rc1 Rb8 11. O-O Nd4 12. Nxd4 exd4 13. Nd5 Rxe2 14. Bxd4 Nxd5 15.
Bxg7 Nf6 16. Bh6 Re6 17. Qc3 Ne8 18. d4 g5 19. Bxg5 Qxg5 20. Rce1 Rxe1 21. Rxe1
Ng7 22. f4 Qf6 23. Qe3 Bf5 24. Qd2 c6 25. a4 Re8 26. Rxe8+ Nxe8 27. b5 axb5 28.
axb5 cxb5 29. cxb5 b6 30. Qe3 Nc7 31. Qc3 Nxb5 32. Qb2 Qxd4+ 33. Qxd4 Nxd4 34.
Kf2 Kf8 35. Ke3 Nb3 36. Bd5 Be6 37. Be4 h6 38. f5 Bc4 39. f6 d5 40. Bf3 d4+ 41.
Kf4 d3 42. Kg4 d2 43. Kh5 Nd4 44. Bd1 Be2+ 45. Bxe2 Nxe2 46. Kxh6 d1=Q 47. h4
0-1

[Event "Damhusmesterskabet Gruppe C 2011"]
[Site "Rodovre"]
[Date "2011.10.20"]
[Round "7"]
[White "Nielsen, Kurt Sogaard"]
[Black "Henriksen, Franz"]
[Result "1-0"]
[WhiteElo "1489"]
[BlackElo "1443"]
[PlyCount "73"]
[EventDate "2011.??.??"]


1. d4 b6 2. c4 Bb7 3. Nc3 e6 4. e4 c5 5. d5 exd5 6. exd5 d6 7. Nf3 Nd7 8. Bf4
Qe7+ 9. Be2 O-O-O 10. O-O h6 11. Nb5 Ndf6 12. Nxa7+ Kb8 13. Nb5 g5 14. Bg3 Ne4
15. Bd3 Nxg3 16. fxg3 Ba6 17. a4 Bg7 18. Qd2 Nf6 19. Rfe1 Qd7 20. Rab1 Bxb5 21.
axb5 Rhe8 22. b4 Ng4 23. bxc5 dxc5 24. h3 Ne5 25. Re3 Nxd3 26. Rxd3 Re4 27. Qa2
Rde8 28. Ra3 Qf5 29. Ra8+ Kc7 30. Qa7+ Kd6 31. Qxb6+ Ke7 32. Qxc5+ Kf6 33. Rxe8
Rxe8 34. Qc6+ Re6 35. dxe6 Qxb1+ 36. Kh2 fxe6 37. Qd6 1-0